| 000 | 01092cam a2200325 a 4500 | ||
|---|---|---|---|
| 999 |
_c2041 _d2041 |
||
| 001 | 2041 | ||
| 003 | BD-JhCC | ||
| 005 | 20200202134007.0 | ||
| 008 | 071213s2008 caua b 001 0 eng | ||
| 020 | _a9781580088923 (pbk.) | ||
| 020 | _a1580088929 (pbk.) | ||
| 035 | _a(BD-JhCC)2041 | ||
| 040 |
_aDLC _cDLC _dDLC |
||
| 041 | _aeng | ||
| 050 | 0 | 0 |
_aHF5382.7 _b.H354 2008 |
| 082 | 0 | 0 |
_a650.14 _222 _bHAN 2008 |
| 100 | 1 | _aHansen, Katharine. | |
| 245 | 1 | 2 |
_aA foot in the door : _bnetworking your way into the hidden job market / _cKatharine Hansen. |
| 250 | _aRev. ed. | ||
| 260 |
_aBerkeley, Calif. : _bTen Speed Press, _cc2008. |
||
| 300 |
_a218 p. : _bill. ; _c21 cm. |
||
| 504 | _aIncludes bibliographical references and index. | ||
| 520 | _a"A guide to networking geared toward recent graduates and young career changers"--Provided by publisher. | ||
| 650 | 0 | _aJob hunting. | |
| 650 | 0 | _aSocial networks. | |
| 650 | 0 | _aCareer development. | |
| 856 | 4 | 1 |
_3Table of contents only _uhttp://www.loc.gov/catdir/toc/ecip086/2007051012.html |
| 942 |
_2ddc _cBK _02 |
||